Tilastot visalle Suomenkieliset radioaakkoset

Klikkaa tästä pelataksesi tätä visaa!

Yleistilastot

  • Tätä visaa on pelattu 10 kertaa
  • Keskiarvotulos 16 / 29

Vastaustilastot

KirjainNimi% Oikein
BBertta
89%
AAarne
78%
DDaavid
78%
YYrjö
78%
HHeikki
78%
LLauri
67%
Ääiti
67%
RRisto
67%
NNiilo
67%
MMatti
67%
OOtto
67%
KKalle
56%
SSakari
56%
ÅÅke
56%
Xäksä
56%
Ööljy
56%
IIivari
56%
FFaarao
44%
PPaavo
44%
GGideon
44%
Ztseta
44%
CCelcius
44%
Qkuu
33%
TTyyne
33%
JJussi
33%
VVihtori
33%
EEemeli
33%
UUrho
33%
Wwiski
22%

Tulosjakauma

Persentiili vastausten määrän mukaan

Jokaisen tuloksen saaneiden osuus

Tuloshistoriasi

Et ole pelannut tätä visaa